Normal view
MARC view
- MCDonald, Jason
Entry Personal Name
001 - CONTROL NUMBER
- control field: 97476
003 - CONTROL NUMBER IDENTIFIER
- control field: NUST
005 - DATE AND TIME OF LATEST TRANSACTION
- control field: 20220816141230.0
008 - FIXED-LENGTH DATA ELEMENTS
- fixed length control field: 220816|| aca||aabn | a|a d
040 ## - CATALOGING SOURCE
- Original cataloging agency: NUST
- Transcribing agency: NUST
100 ## - HEADING--PERSONAL NAME
- Personal name: MCDonald, Jason
670 ## - SOURCE DATA FOUND
- Source citation: Work cat.: (NUST): MCDonald, Jason, SEO workbook: search engine optimization success in seven steps, 2021
